00367nam a22001337a 450000500170000000800410001704100120005808200130007010000120008324500350009526000470013030000310017765000250020820241101083134.0241101b |||||||| |||| 00| 0 eng d aEnglish a349 LAW  lEnglish aThe Law Reports: Appeal Cases  aLondon: bWilliam Clowes and Sons, c1890  bxxii, 568 pages; c26 cm.  aLegal practice bLaw